[Event "Tournoi francophone 020F"]
[Site "Skype"]
[Date "????.??.??"]
[Round "1.1"]
[White "Trapletti, Cosetta"]
[Black "Blanchard, Colette"]
[Result "0-1"]
[WhiteElo "1072"]
[BlackElo "1190"]
[PlyCount "82"]

1. d4 d5 2. Nf3 Nf6 3. e3 c6 4. c4 Bf5 5. Nc3 e6 6. a4 Be7 7. Be2 O-O 8. O-O h6
9. Re1 Nbd7 10. Bd3 Bxd3 11. Qxd3 Nb6 12. e4 dxc4 13. Qc2 Rc8 14. Bf4 Nbd7 15.
h3 c5 16. e5 Nd5 17. Bg3 Nxc3 18. Qxc3 Nb6 19. a5 Nd5 20. Qxc4 cxd4 21. Qxd4
Bc5 22. Qe4 Bb4 23. Re2 Bxa5 24. Rd1 Rc5 25. Bh4 Qb6 26. Qg4 Ne7 27. Bf6 Ng6
28. Bh4 Qb4 29. Rd4 Rc4 30. Kh2 Rxd4 31. Nxd4 Nxh4 32. Qxh4 Qa4 33. g4 Qxd4 34.
g5 Qxh4 35. gxh6 Qxh6 36. Rc2 Qf4+ 37. Kg2 Qxe5 38. h4 Bc7 39. Kf1 Rd8 40. Re2
Rd1+ 41. Kg2 Qxe2 0-1

[Event "Tournoi francophone 020F"]
[Site "Skype"]
[Date "????.??.??"]
[Round "1.3"]
[White "Schnell, Nicolas"]
[Black "Esformes, Jacques"]
[Result "0-1"]
[WhiteElo "1014"]
[BlackElo "1131"]
[PlyCount "60"]

1. e4 Nf6 2. d3 d5 3. Nc3 g6 4. d4 Nxe4 5. Nxe4 dxe4 6. Bc4 e5 7. Qe2 exd4 8.
Bb5+ c6 9. Bc4 Bb4+ 10. c3 Ba5 11. b4 Bb6 12. Nf3 Qe7 13. Ng5 f6 14. Nxe4 dxc3
15. Nxf6+ Kd8 16. Be3 Bxe3 17. Qd3+ Nd7 18. fxe3 Qxf6 19. O-O-O Re8 20. Rhf1
Qg5 21. Rde1 a5 22. Qxc3 Qxg2 23. Rd1 Qe4 24. Qf6+ Qe7 25. Rxd7+ Bxd7 26. Qd4
Qxe3+ 27. Kb2 Qxd4+ 28. Kb3 a4+ 29. Ka3 Qc3+ 30. Bb3 axb3# 0-1

[Event "Tournoi francophone 020F"]
[Site "Skype"]
[Date "????.??.??"]
[Round "1.4"]
[White "Abate, Luigi"]
[Black "Dida, Brahim"]
[Result "1-0"]
[WhiteElo "1116"]
[BlackElo "1008"]
[PlyCount "47"]

1. d4 d5 2. Bf4 Bf5 3. e3 e6 4. Nf3 Bd6 5. Bg3 Bxg3 6. fxg3 Nc6 7. Nbd2 Nb4 8.
Bd3 Nxd3+ 9. cxd3 Bxd3 10. Qb3 Be4 11. Qxb7 Bxf3 12. gxf3 Qd7 13. Qxa8+ Qd8 14.
Qxa7 Nf6 15. O-O h5 16. Rac1 h4 17. g4 O-O 18. Rxc7 Qe8 19. Rfc1 e5 20. Rc8 Qd7
21. Qxd7 Nxd7 22. R1c7 Rxc8 23. Rxc8+ Kh7 24. Rd8 1-0

[Event "Tournoi francophone 020F"]
[Site "Skype"]
[Date "????.??.??"]
[Round "1.5"]
[White "Cassano, Mariangela"]
[Black "Yepez, German"]
[Result "0-1"]
[WhiteElo "1000"]
[BlackElo "1109"]
[PlyCount "44"]

1. d4 d5 2. Bf4 Nf6 3. Nf3 e6 4. e3 a6 5. Be2 Nc6 6. c3 h6 7. O-O Nh5 8. Bg3
Nxg3 9. hxg3 Bd6 10. Nbd2 e5 11. Bd3 e4 12. Nxe4 dxe4 13. Bxe4 Bd7 14. Nh4 Qg5
15. Nf5 Bxf5 16. Bxf5 Qxf5 17. g4 Qf6 18. g3 O-O-O 19. f4 Rde8 20. g5 hxg5 21.
fxg5 Qxg5 22. e4 Qxg3# 0-1

[Event "Tournoi francophone 020F"]
[Site "Skype"]
[Date "????.??.??"]
[Round "1.7"]
[White "Roberge, Yves"]
[Black "Colangelo, Michele"]
[Result "0-1"]
[WhiteElo "1000"]
[BlackElo "1096"]
[PlyCount "96"]

1. d4 d5 2. Nf3 Nf6 3. Bf4 Nbd7 4. Nc3 e6 5. e3 a6 6. Bd3 Bb4 7. O-O O-O 8. Ne5
Nxe5 9. Bxe5 Bd6 10. f4 Bxe5 11. fxe5 Nd7 12. Qe1 Qe7 13. a3 c5 14. Na4 c4 15.
Qb4 Qxb4 16. axb4 cxd3 17. cxd3 b5 18. Nb6 Nxb6 19. Rac1 Na4 20. Rc2 Bb7 21.
Ra1 Rac8 22. Rxc8 Rxc8 23. Rb1 Rc2 24. b3 Rb2 25. Ra1 Rxb3 26. Rc1 Rxd3 27. Rc7
h6 28. Rxb7 Rxe3 29. Ra7 Rb3 30. Rxa6 Rxb4 31. Ra8+ Kh7 32. Rf8 Kg6 33. Rb8 Nc3
34. Rc8 Ne2+ 35. Kf2 Nxd4 36. Rb8 Rb2+ 37. Ke3 Nf5+ 38. Kd3 b4 39. h3 b3 40.
Kc3 Rc2+ 41. Kxb3 Rxg2 42. Kc3 d4+ 43. Kd3 Rg3+ 44. Kc4 d3 45. Rd8 Rxh3 46. Kc3
Re3 47. Rxd3 Rxd3+ 48. Kxd3 h5 0-1

[Event "Tournoi francophone 020F"]
[Site "Skype"]
[Date "????.??.??"]
[Round "1.8"]
[White "Lecluyse, Koenraad"]
[Black "Soubrier, Laure"]
[Result "0-1"]
[WhiteElo "1096"]
[BlackElo "1000"]
[PlyCount "24"]

1. d4 d5 2. Nf3 Nf6 3. Bf4 Bf5 4. e3 Nc6 5. c3 e6 6. Nbd2 Bd6 7. Bxd6 Qxd6 8.
Bb5 O-O 9. Bxc6 Qxc6 10. O-O Rfe8 11. Re1 h6 12. Qc2 Bxc2 0-1

[Event "Tournoi francophone 020F"]
[Site "Skype"]
[Date "????.??.??"]
[Round "2.1"]
[White "Blanchard, Colette"]
[Black "Yepez, German"]
[Result "1-0"]
[WhiteElo "1190"]
[BlackElo "1109"]
[PlyCount "91"]

1. d4 d5 2. c4 e6 3. a3 Nf6 4. Nc3 Bd6 5. Nf3 c6 6. b3 O-O 7. e3 Nbd7 8. Be2 e5
9. O-O e4 10. Nd2 h6 11. f3 Re8 12. Qc2 exf3 13. Rxf3 Nf8 14. cxd5 Nxd5 15.
Nxd5 Bxh2+ 16. Kxh2 Qxd5 17. Nf1 Bg4 18. Rf2 Qh5+ 19. Kg1 Ng6 20. Bxg4 Qxg4 21.
Nh2 Qd7 22. Bb2 Rxe3 23. Raf1 Rf8 24. Bc1 Ree8 25. Qc3 Rd8 26. Be3 Qd5 27. b4
Rd7 28. Qc5 Ne7 29. Qxd5 Nxd5 30. Bd2 Re8 31. Ng4 h5 32. Ne5 Rde7 33. Rxf7 Nf6
34. Rxe7 Rxe7 35. Bg5 Rc7 36. Bxf6 gxf6 37. Rxf6 Kg7 38. Rg6+ Kh7 39. Rg3 b6
40. Kh2 c5 41. dxc5 bxc5 42. bxc5 Rxc5 43. Nd7 Ra5 44. Nf8+ Kh8 45. Kh3 Rxa3
46. Rxa3 1-0

[Event "Tournoi francophone 020F"]
[Site "Skype"]
[Date "????.??.??"]
[Round "2.2"]
[White "Colangelo, Michele"]
[Black "Radice, Marco"]
[Result "0-1"]
[WhiteElo "1096"]
[BlackElo "1160"]
[PlyCount "76"]

1. e4 c5 2. Nf3 d6 3. d4 cxd4 4. Nxd4 Nf6 5. Nc3 a6 6. Bc4 e6 7. O-O Be7 8. Re1
O-O 9. h3 b5 10. Bd3 Bb7 11. a3 Nc6 12. Be3 Rc8 13. Nf3 Nd7 14. Qd2 Nce5 15.
Be2 Nc4 16. Bxc4 Rxc4 17. Qd3 Bf6 18. Nd2 Ne5 19. Qf1 Rc8 20. f4 Nc4 21. Nxc4
Rxc4 22. Qd3 Rc7 23. Bb6 Rxc3 24. Bxd8 Rxd3 25. cxd3 Bxb2 26. Ra2 Bd4+ 27. Kh1
Rxd8 28. Rc2 d5 29. e5 a5 30. Rc7 Ba6 31. Rec1 b4 32. R1c6 bxa3 33. Rxa6 a2 34.
Rd6 a1=Q+ 35. Kh2 Bg1+ 36. Kg3 Qe1+ 37. Kf3 Qf2+ 38. Kg4 h5+ 0-1

[Event "Tournoi francophone 020F"]
[Site "Skype"]
[Date "????.??.??"]
[Round "2.3"]
[White "Esformes, Jacques"]
[Black "Hampton, Irene"]
[Result "1-0"]
[WhiteElo "1131"]
[BlackElo "1000"]
[PlyCount "147"]

1. d4 c6 2. c4 d5 3. e4 Nf6 4. e5 Nfd7 5. Nf3 e6 6. Bd3 Qa5+ 7. Bd2 Bb4 8. a3
Bxd2+ 9. Nbxd2 Qd8 10. c5 O-O 11. O-O a6 12. b4 b6 13. Nb3 Bb7 14. h4 Re8 15.
Ng5 Nf6 16. exf6 Qxf6 17. Qf3 Qxf3 18. Nxf3 Nd7 19. Ne5 Rad8 20. Nxd7 Rxd7 21.
Rfe1 f6 22. Re3 Rde7 23. Rae1 Bc8 24. Nd2 b5 25. Rg3 Kh8 26. Ree3 Rf8 27. h5 f5
28. Nf3 f4 29. Re1 fxg3 30. fxg3 Rf6 31. Kf2 Rh6 32. g4 Rf6 33. g5 Rf4 34. Kg3
Ref7 35. Rf1 e5 36. Nxe5 Be6 37. Nxf7+ Rxf7 38. Rxf7 Bxf7 39. Kf4 Bxh5 40. Ke5
Bf7 41. Kd6 Be8 42. Kc7 g6 43. Kb6 Kg7 44. Kxa6 h6 45. gxh6+ Kxh6 46. Kb6 g5
47. Be2 Kg6 48. g4 Kf6 49. Kc7 Ke7 50. Bd3 Bd7 51. Bc2 Bxg4 52. Kxc6 Bd7+ 53.
Kxd5 g4 54. Be4 g3 55. Bg2 Kf6 56. c6 Be6+ 57. Kc5 Kf5 58. c7 Kf4 59. d5 Bg4
60. d6 Bf3 61. c8=Q Bxg2 62. Qf8+ Ke3 63. Qg8 Kf3 64. Qxg3+ Kxg3 65. d7 Bf3 66.
d8=Q Be2 67. Qd2 Kf3 68. Qd4 Kg2 69. Qe3 Kf1 70. Kd4 Bd1 71. Kc3 Be2 72. Kd2
Bg4 73. Qf4+ Kg2 74. Qxg4+ 1-0

[Event "Tournoi francophone 020F"]
[Site "Skype"]
[Date "????.??.??"]
[Round "2.4"]
[White "Soubrier, Laure"]
[Black "Abate, Luigi"]
[Result "0-1"]
[WhiteElo "1000"]
[BlackElo "1116"]
[PlyCount "44"]

1. d4 d5 2. Nf3 Nf6 3. e3 e6 4. Bd3 Nc6 5. c3 Bd6 6. O-O O-O 7. Nbd2 Re8 8. Re1
e5 9. e4 Bg4 10. c4 Nxd4 11. h3 Bh5 12. Re3 Nxf3+ 13. Nxf3 Bc5 14. Re1 h6 15.
Qb3 dxe4 16. Bxe4 Nxe4 17. Rxe4 b6 18. g4 Bg6 19. a4 Bxe4 20. Nd2 Bd3 21. Nf3
e4 22. Nh4 Qxh4 0-1

[Event "Tournoi francophone 020F"]
[Site "Skype"]
[Date "????.??.??"]
[Round "2.5"]
[White "Vervoort, Jean-Louis"]
[Black "Schnell, Nicolas"]
[Result "0-1"]
[WhiteElo "1108"]
[BlackElo "1014"]
[PlyCount "36"]

1. d4 Nf6 2. d5 c6 3. c4 e5 4. Nc3 Bc5 5. e4 Qb6 6. Nf3 Bxf2+ 7. Ke2 Qc5 8. b3
cxd5 9. Nxd5 Na6 10. Bg5 Nxe4 11. Qc2 Nxg5 12. Nxg5 Qd4 13. Rd1 Qc5 14. g3 d6
15. Bg2 Bg4+ 16. Bf3 Nb4 17. Qb1 Nxd5 18. Bxg4 Qe3+ 0-1

[Event "Tournoi francophone 020F"]
[Site "Skype"]
[Date "????.??.??"]
[Round "2.6"]
[White "Dida, Brahim"]
[Black "Lecluyse, Koenraad"]
[Result "1-0"]
[WhiteElo "1008"]
[BlackElo "1096"]
[PlyCount "47"]

1. d4 d5 2. Bf4 Bf5 3. Nc3 Nf6 4. Nb5 e6 5. Nxc7+ Kd7 6. Nxa8 Nc6 7. Nc7 Be7 8.
Nf3 Kc8 9. e3 Bd6 10. Bxd6 Qxd6 11. Nb5 Qb4+ 12. Qd2 Qxb2 13. c4 Qxa1+ 14. Qd1
Qxa2 15. cxd5 Nxd5 16. Nd6+ Kc7 17. Nxf7 Qa5+ 18. Nd2 Rf8 19. Ne5 Nc3 20. Qc1
Nxe5 21. e4 Bxe4 22. dxe5 Kd7 23. Nb3 Nd5+ 24. Nxa5 1-0

[Event "Tournoi francophone 020F"]
[Site "Skype"]
[Date "????.??.??"]
[Round "2.7"]
[White "Cassano, Mariangela"]
[Black "Trapletti, Cosetta"]
[Result "0-1"]
[WhiteElo "1000"]
[BlackElo "1072"]
[PlyCount "74"]

1. d4 e6 2. Bf4 d5 3. Nf3 Nd7 4. e3 Ngf6 5. c3 c5 6. Be2 Be7 7. O-O O-O 8. Nbd2
b6 9. a3 Bb7 10. b4 cxd4 11. cxd4 Rc8 12. Rc1 a5 13. Nb1 axb4 14. axb4 Bxb4 15.
Qa4 Ba5 16. Nc3 Bxc3 17. Qa3 Ne4 18. Bd3 Bd2 19. Nxd2 Nxd2 20. Rfe1 Re8 21. Qb2
Ne4 22. f3 Nef6 23. e4 Nh5 24. Be3 Ndf6 25. Bd2 h6 26. e5 Nh7 27. Qb1 g6 28.
Be3 Ng5 29. Bxg6 fxg6 30. Qxg6+ Ng7 31. Qxh6 Nf7 32. Qf4 Rf8 33. Qf6 Qxf6 34.
exf6 Nf5 35. Rb1 Nxe3 36. Rxe3 Rc6 37. Rxe6 Rxe6 0-1

[Event "Tournoi francophone 020F"]
[Site "Skype"]
[Date "????.??.??"]
[Round "3.1"]
[White "Abate, Luigi"]
[Black "Blanchard, Colette"]
[Result "1-0"]
[WhiteElo "1116"]
[BlackElo "1190"]
[PlyCount "73"]

1. d4 d5 2. Bf4 Nf6 3. e3 Bf5 4. Nf3 Nbd7 5. Nbd2 e6 6. Bd3 Bxd3 7. cxd3 Be7 8.
h3 c6 9. O-O O-O 10. Re1 h6 11. e4 dxe4 12. dxe4 Nh5 13. Bh2 Nb6 14. Qb3 Bf6
15. e5 Bh4 16. Nxh4 Qxh4 17. Bg3 Qxd4 18. Rad1 Rad8 19. Ne4 Qc4 20. Qxc4 Nxc4
21. b3 Nb6 22. Nd6 Nxg3 23. fxg3 Rd7 24. g4 Nd5 25. Rd4 b6 26. g5 h5 27. g3 c5
28. Rc4 Ne7 29. h4 g6 30. Kg2 Nf5 31. Ne4 Re7 32. Rc3 Kg7 33. Rd1 f6 34. gxf6+
Kh7 35. fxe7 Nxe7 36. Ng5+ Kg7 37. Nxe6+ 1-0

[Event "Tournoi francophone 020F"]
[Site "Skype"]
[Date "????.??.??"]
[Round "3.2"]
[White "Radice, Marco"]
[Black "Esformes, Jacques"]
[Result "1-0"]
[WhiteElo "1160"]
[BlackElo "1131"]
[PlyCount "45"]

1. d4 d5 2. Bf4 Nc6 3. Nf3 Bf5 4. e3 Nf6 5. c3 Bd7 6. Qb3 Na5 7. Qd1 h6 8. Ne5
Nc6 9. Nxd7 Nxd7 10. Na3 g5 11. Bg3 a6 12. Bd3 Bg7 13. O-O h5 14. h3 h4 15. Bh2
e5 16. Qg4 Nb6 17. e4 Na4 18. exd5 Nb8 19. Rfe1 O-O 20. Bxe5 Bxe5 21. Rxe5 Re8
22. Rxg5+ Kh8 23. Qh5# 1-0

[Event "Tournoi francophone 020F"]
[Site "Skype"]
[Date "????.??.??"]
[Round "3.3"]
[White "Yepez, German"]
[Black "Dida, Brahim"]
[Result "1-0"]
[WhiteElo "1109"]
[BlackElo "1008"]
[PlyCount "63"]

1. e4 e5 2. Nf3 Nc6 3. Bc4 Nf6 4. Ng5 d5 5. exd5 Nxd5 6. d3 h6 7. Qf3 hxg5 8.
Bxd5 f6 9. Bxc6+ bxc6 10. Qxc6+ Bd7 11. Qe4 Bc5 12. c3 f5 13. Qd5 Bd6 14. Nd2
Rb8 15. Nc4 Qe7 16. Be3 Qe6 17. Qxe6+ Bxe6 18. Bxa7 Rb7 19. Be3 f4 20. Bc1 Bf5
21. f3 Bxd3 22. Nxd6+ cxd6 23. Kf2 O-O 24. Rd1 e4 25. fxe4 Bxe4 26. Rxd6 Rbf7
27. b4 g4 28. Re6 g3+ 29. hxg3 fxg3+ 30. Kxg3 Rf3+ 31. gxf3 Rxf3+ 32. Kg4 1-0

[Event "Tournoi francophone 020F"]
[Site "Skype"]
[Date "????.??.??"]
[Round "3.4"]
[White "Hampton, Irene"]
[Black "Colangelo, Michele"]
[Result "0-1"]
[WhiteElo "1000"]
[BlackElo "1096"]
[PlyCount "96"]

1. d4 d5 2. Bf4 Bf5 3. Nc3 Nf6 4. e3 a6 5. Bd3 Qd7 6. e4 dxe4 7. Bxe4 Nxe4 8.
Nf3 Nc6 9. O-O e6 10. Nh4 Bd6 11. Nxf5 exf5 12. Be3 Nxc3 13. bxc3 O-O 14. f4
Be7 15. d5 Na5 16. Qd3 Bf6 17. Rfd1 b5 18. Rab1 c6 19. Bc5 Rfd8 20. Rd2 Qxd5
21. Bb6 Qxd3 22. cxd3 Bxc3 23. Rdd1 Rdb8 24. Bf2 Rc8 25. g3 Rc7 26. h4 Bf6 27.
Bb6 Rd7 28. Bxa5 Bd8 29. Bc3 Bb6+ 30. Kg2 Rad8 31. d4 Bxd4 32. Bb2 Bxb2 33.
Rxd7 Rxd7 34. Rxb2 c5 35. Re2 h6 36. Kh3 c4 37. g4 Rd3+ 38. Kg2 c3 39. Kf2 Rd2
40. Ke3 Rxe2+ 41. Kxe2 fxg4 42. Kd1 g3 43. Kc2 g2 44. Kxc3 g1=Q 45. Kd3 Kh7 46.
Ke4 Kg6 47. f5+ Kf6 48. Kf4 Qf2+ 0-1

[Event "Tournoi francophone 020F"]
[Site "Skype"]
[Date "????.??.??"]
[Round "3.5"]
[White "Trapletti, Cosetta"]
[Black "Roberge, Yves"]
[Result "1-0"]
[WhiteElo "1072"]
[BlackElo "1000"]
[PlyCount "117"]

1. d4 d5 2. Bf4 e6 3. e3 Nc6 4. c4 Bd6 5. Be2 Nf6 6. Nf3 Nh5 7. Bg5 Nf6 8. O-O
O-O 9. Nc3 Qe8 10. Bxf6 gxf6 11. Bd3 f5 12. cxd5 e5 13. e4 Nxd4 14. exf5 f6 15.
Qb1 Kh8 16. Re1 Rg8 17. Nxd4 c6 18. Qc1 Qf7 19. Nf3 a6 20. Qh6 Qg7 21. Qh3 b5
22. a4 b4 23. Ne4 Bc7 24. Nh4 Bb7 25. Ng6+ Qxg6 26. fxg6 Rxg6 27. Kh1 cxd5 28.
Ng3 e4 29. Be2 Rd8 30. Nf5 Be5 31. Bh5 Rg5 32. Nh6 Rg7 33. Nf5 Rgd7 34. Bg6 Kg8
35. Bxh7+ Kf7 36. Qh5+ Ke6 37. Qh6 Rh8 38. Ng7+ Kd6 39. Nf5+ Kc7 40. Qc1+ Kb8
41. a5 Rhxh7 42. Ra4 Rh5 43. g3 Rxf5 44. Re2 d4 45. Rc2 e3+ 46. Kg1 exf2+ 47.
Rxf2 Rg5 48. Rxb4 Bxg3 49. hxg3 Rxg3+ 50. Kf1 d3 51. Rd2 Rf3+ 52. Kg2 Rf5+ 53.
Kg3 Rg7+ 54. Rg4 Rfg5 55. Rxg5 Rxg5+ 56. Kf4 Rh5 57. Rxd3 Rh1 58. Rd8+ Ka7 59.
Qc5# 1-0

[Event "Tournoi francophone 020F"]
[Site "Skype"]
[Date "????.??.??"]
[Round "3.6"]
[White "Soubrier, Laure"]
[Black "Schnell, Nicolas"]
[Result "1-0"]
[WhiteElo "1000"]
[BlackElo "1014"]
[PlyCount "91"]

1. d4 e6 2. Nf3 Nf6 3. e3 Bb4+ 4. Bd2 Qe7 5. Bd3 Bd6 6. c3 Qd8 7. O-O Ng4 8. h3
Nh2 9. Nxh2 Qh4 10. Nf3 Qf6 11. Re1 g5 12. e4 Qg6 13. Bxg5 Rg8 14. Qd2 h6 15.
e5 f5 16. exf6 Qh5 17. Qe3 hxg5 18. Kf1 g4 19. hxg4 Qxg4 20. g3 Qh3+ 21. Ke2
Qg2 22. Rg1 Qh3 23. Nbd2 Qg4 24. Qe4 Qh5 25. a3 Qh6 26. d5 Qxf6 27. dxe6 dxe6
28. b4 Nd7 29. Rac1 c5 30. Bc4 Nb6 31. Bd3 Nd5 32. c4 Nc3+ 33. Rxc3 Qxc3 34.
Nb1 Qb2+ 35. Bc2 cxb4 36. axb4 Bxb4 37. Nd4 Rg5 38. Nxe6 Ra5 39. Nc7+ Kf8 40.
Nxa8 Bg4+ 41. Qxg4 Qxc2+ 42. Kf3 Qb3+ 43. Kg2 Ra2 44. Qc8+ Kf7 45. Qxb7+ Kg6
46. Qb5 1-0

[Event "Tournoi francophone 020F"]
[Site "Skype"]
[Date "????.??.??"]
[Round "3.7"]
[White "Vervoort, Jean-Louis"]
[Black "Cassano, Mariangela"]
[Result "1-0"]
[WhiteElo "1108"]
[BlackElo "1000"]
[PlyCount "39"]

1. d4 d5 2. Bf4 Bf5 3. e3 e6 4. Nf3 c6 5. c3 Nf6 6. Nbd2 Be7 7. Nh4 Bg4 8. Qc2
O-O 9. f3 Bh5 10. O-O-O Nbd7 11. Bd3 Qc7 12. Bxc7 Rac8 13. Be5 Nxe5 14. dxe5
Ne8 15. g4 Bg6 16. Nxg6 hxg6 17. h4 g5 18. hxg5 Bxg5 19. Be2 Bxe3 20. Qh7# 1-0

[Event "Tournoi francophone 020F"]
[Site "Skype"]
[Date "????.??.??"]
[Round "3.8"]
[White "Lecluyse, Koenraad"]
[Black "Gagnon, Sindy"]
[Result "1-0"]
[WhiteElo "1096"]
[BlackElo "1000"]
[PlyCount "127"]

1. d4 d6 2. e4 e5 3. d5 Nf6 4. Nc3 Bg4 5. f3 Bd7 6. Bg5 h6 7. Bxf6 Qxf6 8. Bd3
Be7 9. Qd2 Qh4+ 10. g3 Qf6 11. Nge2 c5 12. Bb5 Bxb5 13. Nxb5 O-O 14. Nc7 Nd7
15. Nxa8 Rxa8 16. f4 Bd8 17. O-O-O Qe7 18. Rhg1 g5 19. f5 Nf6 20. h4 Nxe4 21.
Qe3 Nf6 22. hxg5 hxg5 23. Qxg5+ Kf8 24. Qh6+ Ke8 25. Qh8+ Kd7 26. Kb1 Ne4 27.
Qh1 Nf2 28. Qf3 Nxd1 29. Rxd1 b5 30. a3 Bb6 31. Qd3 b4 32. axb4 cxb4 33. Qb5+
Kc7 34. Qxb4 a5 35. Qc4+ Kd7 36. Qc6+ Kd8 37. Qxa8+ Kc7 38. Qc6+ Kd8 39. Qxb6+
Kd7 40. Qxa5 Qf6 41. g4 Qg5 42. Qb5+ Ke7 43. Qb7+ Kf6 44. Rh1 Qxg4 45. Rh6+
Kxf5 46. Qxf7+ Ke4 47. Nc3+ Ke3 48. Rg6 Qh3 49. Rxd6 Qh1+ 50. Ka2 Kd2 51. Qf2+
Kc1 52. Rg6 e4 53. Rg1+ Qxg1 54. Qxg1+ Kxc2 55. Nxe4 Kd3 56. Nf6 Kc4 57. d6 Kb5
58. d7 Kc6 59. Qd1 Kc7 60. d8=Q+ Kb7 61. Q1d7+ Ka6 62. Q8c8+ Kb6 63. Qdb7+ Ka5
64. Qca8# 1-0

[Event "Tournoi francophone 020F"]
[Site "Skype"]
[Date "????.??.??"]
[Round "4.1"]
[White "Radice, Marco"]
[Black "Abate, Luigi"]
[Result "1-0"]
[WhiteElo "1160"]
[BlackElo "1116"]
[PlyCount "23"]

1. d4 Nf6 2. Nf3 d5 3. Bf4 Bf5 4. c3 e6 5. e3 Nbd7 6. Nbd2 Bd6 7. Ne5 O-O 8.
Ndf3 Qe7 9. Qb3 b6 10. Be2 h6 11. Nc6 Bxf4 12. Nxe7+ 1-0

[Event "Tournoi francophone 020F"]
[Site "Skype"]
[Date "????.??.??"]
[Round "4.2"]
[White "Blanchard, Colette"]
[Black "Colangelo, Michele"]
[Result "1/2-1/2"]
[WhiteElo "1190"]
[BlackElo "1096"]
[PlyCount "64"]

1. d4 d5 2. Nf3 Nc6 3. Bf4 Bf5 4. c3 a6 5. e3 e6 6. Be2 Bd6 7. Bxd6 Qxd6 8. O-O
Nf6 9. c4 Ng4 10. g3 O-O 11. Nc3 Rfe8 12. Nh4 Nh6 13. Nxf5 Nxf5 14. Bf3 dxc4
15. d5 exd5 16. Bxd5 Nfe7 17. Bxc4 Qxd1 18. Raxd1 Rad8 19. Nd5 Nxd5 20. Bxd5
Rd6 21. a3 Red8 22. e4 b6 23. Rc1 Ne7 24. Bb3 c5 25. Rcd1 Nc6 26. Rxd6 Rxd6 27.
Kg2 Nd4 28. Ba2 Rf6 29. f4 a5 30. Rd1 h6 31. e5 Rc6 32. Bc4 Kh8 1/2-1/2

[Event "Tournoi francophone 020F"]
[Site "Skype"]
[Date "????.??.??"]
[Round "4.3"]
[White "Esformes, Jacques"]
[Black "Trapletti, Cosetta"]
[Result "1-0"]
[WhiteElo "1131"]
[BlackElo "1072"]
[PlyCount "81"]

1. d4 d5 2. Nf3 Nf6 3. Bf4 Bf5 4. e3 Nbd7 5. c4 c6 6. Nc3 e6 7. Bd3 Bb4 8. Bxf5
exf5 9. O-O Nb6 10. Qb3 a5 11. c5 Nc4 12. Rfd1 O-O 13. h3 Qd7 14. Ne5 Qe7 15.
Bg5 b5 16. cxb6 Nxb6 17. Bxf6 gxf6 18. Ne2 fxe5 19. a3 a4 20. Qxb4 Qxb4 21.
axb4 Nc4 22. Rdc1 Rfe8 23. b3 Nd2 24. Rxc6 Kg7 25. bxa4 f4 26. a5 Nb3 27. Ra3
Nxa5 28. Rxa5 Rxa5 29. bxa5 Rb8 30. Rd6 Rb2 31. a6 Ra2 32. Nc3 Ra3 33. Nb5 Ra1+
34. Kh2 f6 35. a7 e4 36. Rd8 Ra2 37. a8=Q Rxf2 38. Rg8+ Kh6 39. Qf8+ Kh5 40.
Qf7+ Kh6 41. Qxf6+ 1-0

[Event "Tournoi francophone 020F"]
[Site "Skype"]
[Date "????.??.??"]
[Round "4.4"]
[White "Yepez, German"]
[Black "Soubrier, Laure"]
[Result "0-1"]
[WhiteElo "1109"]
[BlackElo "1000"]
[PlyCount "40"]

1. e4 e5 2. Nf3 Nc6 3. Bc4 Bc5 4. O-O d6 5. h3 Nf6 6. Re1 O-O 7. c3 Re8 8. b4
Bb6 9. Ng5 Qd7 10. Qb3 d5 11. exd5 Ne4 12. Nxe4 Nd8 13. d3 c6 14. d6 a6 15. Bg5
h6 16. Bxd8 Rxd8 17. Bxf7+ Qxf7 18. Qc2 Be6 19. Nbd2 Rf8 20. Ng3 Bxf2+ 0-1

[Event "Tournoi francophone 020F"]
[Site "Skype"]
[Date "????.??.??"]
[Round "4.6"]
[White "Roberge, Yves"]
[Black "Lecluyse, Koenraad"]
[Result "0-1"]
[WhiteElo "1000"]
[BlackElo "1096"]
[PlyCount "64"]

1. d4 d5 2. e3 Nf6 3. Nf3 e6 4. c4 dxc4 5. Bxc4 c6 6. Nbd2 Bd6 7. O-O O-O 8. e4
Bf4 9. e5 Nd5 10. Re1 Bxd2 11. Bxd2 Qb6 12. a3 h6 13. Bxd5 cxd5 14. Bb4 Rd8 15.
Qd2 Nc6 16. Qd3 Nxb4 17. axb4 Qxb4 18. Qc3 Qb6 19. Rac1 Bd7 20. Nh4 Rac8 21.
Qg3 Rxc1 22. Rxc1 Qxb2 23. Qf4 Rc8 24. Rxc8+ Bxc8 25. h3 a5 26. g4 a4 27. g5
hxg5 28. Qxg5 a3 29. Kg2 a2 30. Kg3 a1=Q 31. f4 Qg1+ 32. Kf3 Qbf2# 0-1

[Event "Tournoi francophone 020F"]
[Site "Skype"]
[Date "????.??.??"]
[Round "4.7"]
[White "Schnell, Nicolas"]
[Black "Hampton, Irene"]
[Result "1-0"]
[WhiteElo "1014"]
[BlackElo "1000"]
[PlyCount "83"]

1. e4 c6 2. Nc3 d5 3. e5 e6 4. Be2 c5 5. Bg4 d4 6. Ne4 Nc6 7. Bh5 Nh6 8. d3
Nxe5 9. Bxh6 Qc7 10. Bf4 Rg8 11. Ng5 Bd6 12. Bxf7+ Nxf7 13. Qh5 Bxf4 14. N1h3
e5 15. g4 Qe7 16. Qxh7 Bxg4 17. Qxg8+ Qf8 18. Qh7 O-O-O 19. c3 Nxg5 20. Qh4 Qf5
21. Ng1 Nf3+ 22. Nxf3 Bxf3 23. Rg1 g6 24. Qh7 Qe6 25. b4 dxc3 26. bxc5 g5 27.
Rb1 Rd7 28. Qh8+ Kc7 29. c6 Bd2+ 30. Kf1 Qh3+ 31. Qxh3 g4 32. Rxb7+ Kd8 33.
Qh8+ Ke7 34. Rxd7+ Ke6 35. Qg8+ Kf5 36. Qf7+ Kg5 37. c7 Bb7 38. Qg7+ Kf5 39.
Rf7+ Ke6 40. Qf6+ Kd5 41. Rd7+ Kc5 42. Qd6+ 1-0

[Event "Tournoi francophone 020F"]
[Site "Skype"]
[Date "????.??.??"]
[Round "4.8"]
[White "Gagnon, Sindy"]
[Black "Cassano, Mariangela"]
[Result "1-0"]
[WhiteElo "1000"]
[BlackElo "1000"]
[PlyCount "101"]

1. e4 c5 2. Bc4 e5 3. Nf3 d6 4. d3 Be6 5. Be3 Nf6 6. O-O Be7 7. c3 O-O 8. d4
Bxc4 9. Re1 Nc6 10. Qc2 Nxe4 11. dxe5 dxe5 12. Qxe4 b6 13. Qxc6 Rc8 14. Qa4 Be6
15. Nxe5 Bd6 16. Nf3 h6 17. Qxa7 Bb8 18. Qa4 Bd7 19. Qe4 Bc6 20. Qf5 g6 21. Qh3
Qd3 22. Bxh6 Be4 23. Bxf8 Kxf8 24. Qh8+ Ke7 25. Ne5 Rxh8 26. Nxd3 Bxh2+ 27. Kf1
Kf8 28. Rxe4 f5 29. Re6 c4 30. Nb4 b5 31. Nd5 Bb8 32. Rxg6 Rh1+ 33. Ke2 Rc1 34.
Nd2 Rxa1 35. Re6 Rxa2 36. Rf6+ Kg7 37. Rb6 Be5 38. Nb4 Rxb2 39. Rb7+ Kf6 40.
Nd5+ Kg5 41. Ke1 Ra2 42. f4+ Bxf4 43. Nf3+ Kg4 44. Nd4 Rxg2 45. Nxb5 Bg3+ 46.
Kf1 Rh2 47. Na3 Rh1+ 48. Kg2 Re1 49. Nxc4 Rd1 50. Nde3+ Kf4 51. Nxd1 1-0

[Event "Tournoi francophone 020F"]
[Site "Skype"]
[Date "????.??.??"]
[Round "5.1"]
[White "Soubrier, Laure"]
[Black "Radice, Marco"]
[Result "0-1"]
[WhiteElo "1000"]
[BlackElo "1160"]
[PlyCount "46"]

1. d4 Nf6 2. Nf3 g6 3. e3 Bg7 4. Nc3 O-O 5. Bc4 d6 6. h3 Nc6 7. a3 Re8 8. d5
Ne5 9. Nxe5 dxe5 10. f3 e6 11. e4 exd5 12. exd5 Nh5 13. Ne2 Qh4+ 14. Kd2 Qxc4
15. g4 Qxd5+ 16. Ke1 Nf4 17. Qxd5 Nxd5 18. Kf2 b6 19. b3 e4 20. Rb1 exf3 21.
Kxf3 Bb7 22. Kf2 Nc3 23. Nxc3 Bxh1 0-1

[Event "Tournoi francophone 020F"]
[Site "Skype"]
[Date "????.??.??"]
[Round "5.2"]
[White "Abate, Luigi"]
[Black "Esformes, Jacques"]
[Result "1-0"]
[WhiteElo "1116"]
[BlackElo "1131"]
[PlyCount "103"]

1. e4 e6 2. c4 Nc6 3. Nf3 Bd6 4. d4 Bb4+ 5. Bd2 Nge7 6. d5 Bxd2+ 7. Nbxd2 Nb8
8. Nb3 exd5 9. cxd5 c6 10. d6 Ng6 11. Bc4 O-O 12. O-O Qf6 13. Rb1 b5 14. Bd3
Na6 15. Bc2 Rb8 16. Re1 Re8 17. Qd4 Ne5 18. Nxe5 Qxe5 19. Qxe5 Rxe5 20. Rbd1 b4
21. Re3 h5 22. h4 Re6 23. e5 Rb6 24. Nd4 Rh6 25. Bb3 g6 26. Rf3 Rh7 27. Re1 Nc5
28. Bc4 Ne6 29. Ne2 Ba6 30. Bb3 c5 31. Nf4 Bb7 32. Bd5 Nd4 33. Rd3 Bc6 34. Rd2
Kf8 35. Rc1 Nf5 36. g3 g5 37. hxg5 Bxd5 38. Rxd5 Ne7 39. Rdxc5 a6 40. dxe7+
Kxe7 41. Nd5+ Ke6 42. Nxb6 Kf5 43. Nxd7 h4 44. e6+ Kxe6 45. Nb6 hxg3 46. Re1+
Kd6 47. Ree5 gxf2+ 48. Kxf2 Rh2+ 49. Kf3 Rc2 50. Rxc2 Kxe5 51. Kg4 Kd4 52. Rc7
1-0